000 00819nam a2200241Ia 4500
003 IN-BaIIA
008 211028s9999 xx 000 0 eng d
020 _a92-9092-772-0
040 _cIIA Library
080 _a523.942(082.2)
_bSUB
111 _aInternational Conference on Substorms
_n5th
_cSt.Peterburg, Russia
_d2000 May 16-20
_925874
245 0 _aSubstorms
_bproceedings of fifth international conference on substorms held in St.Peterburg, Russia, May 16-20, 2000
_cedited by A. Wilson
260 _aNoordwijk
_bEuropean Space Agency
_c2000
300 _axii, 626p.
490 _aESA SP-443
650 _aMagnetic storm
_925875
650 _aRadar observations
_925876
650 _aSolar system
650 _aSP-443
_925877
650 _aSubstorm physics
_925878
700 _aWilson, A., ed.
942 _cBK
999 _c14554
_d14554